000 00755nam a2200241Ia 4500
008 130821s1994 sp gr spa
020 _a84 7223 779 6
040 _aCo-BoUCM
_bspa
041 0 0 _aspa
100 1 _aDuras, Marguerite
_91545
245 1 0 _aEscribir
_cMarguerite Duras ; traducción de Ana María Moix
260 _aBarcelona (España)
_bTusQuets Editores
_c1994
300 _a127 páginas
490 0 _aMarginales
_v135
500 _aIncluye índice.
650 _aCuentos franceses
_912274
650 _aLiteratura europea
_926524
650 _aLiteratura francesa
_97794
700 1 _aMoix, Ana María
_etr.
_9169829
765 0 _tÉcrire
942 _cLIBRO
_a18
_e1
_mD952e
_2DEWEY
_h844.912
999 _c77848
_d77848